000
00291 a2200145 4500
001
161176
020
_a
040
_c
Magnum
100
_a
-
240
1
0
_a
Brincando/siciliano
_l
por
245
1
0
_a
Brincando/siciliano
362
0
_a
1899
697
_a
I/SOCIEDADE, COTIDIANO
942
_c
BK
999
_c
161176
_d
161176